| 000 | nam a22 a 4500 | ||
|---|---|---|---|
| 999 |
_c2227 _d2227 |
||
| 005 | 20170515160048.0 | ||
| 008 | 170515b1996 enk||||| |||| 00| 0 eng d | ||
| 020 |
_a0534028233 _c£23.50 |
||
| 040 | _aAKMAL | ||
| 082 |
_220 _a378.17/028 SOT |
||
| 090 |
_a378.17/028 _bSOT |
||
| 100 |
_aSotiriou, Peter Elias. _94684 |
||
| 245 | 1 | 0 |
_aIntegrating college study skills _breasoning in reading, listening, and writing / _cPeter Elias Sotiriou. |
| 250 | _a4th ed | ||
| 260 |
_aBelmont,Calif. _bWadsworth _cc1996. |
||
| 300 |
_axvi, 416 p. _bill. _c24cm |
||
| 504 | _aIncludes bibliographical references and index. | ||
| 650 |
_aStudy skills. _91091 |
||
| 852 |
_aBritish Library _bHMNTS |
||
| 942 |
_2ddc _cBOOK |
||